Design and development of a solar refrigeration system (Record no. 15110)
[ view plain ]
| 000 -LEADER | |
|---|---|
| fixed length control field | 00703nam a22001817a 4500 |
| 003 - CONTROL NUMBER IDENTIFIER | |
| control field | OSt |
| 088 ## - REPORT NUMBER | |
| Report number | T 315 |
| 100 ## - MAIN ENTRY--AUTHOR NAME | |
| Personal name | RAKHI J. F |
| 245 ## - TITLE STATEMENT | |
| Title | Design and development of a solar refrigeration system |
| 260 ## - PUBLICATION, DISTRIBUTION, ETC. (IMPRINT) | |
| Place of publication | Tava 2015 |
| Name of publisher | Department Food and Agricultural Process Engineering |
| 300 ## - PHYSICAL DESCRIPTION | |
| Number of Pages | 88 |
| 500 ## - GENERAL NOTE | |
| General note | Design and development of a solar refrigeration system |
| 520 ## - SUMMARY, ETC. | |
| Summary, etc | Solar energy, a vast and inexhaustible source of energy, is one of the most promising sources of non conventional energy currently available. |
| 700 ## - ADDED ENTRY--PERSONAL NAME | |
| Personal name | Er. George Mathew (Guide) |
| 856 ## - ELECTRONIC LOCATION AND ACCESS | |
| Uniform Resource Identifier | https://drive.google.com/open?id=1_vmbRtSUj3Z4s91pwI6TbNJEWKwZ-e-h |
| 942 ## - ADDED ENTRY ELEMENTS (KOHA) | |
| Koha item type | Theses |
| Collection code | Home library | Current library | Shelving location | Full call number | Accession Number | Koha item type | Public note |
|---|---|---|---|---|---|---|---|
| Reference | KAUAET | KAUAET | Reference | 664 RAK/DE | T 315 | Theses | M.Tech Thesis |
